000 00846nam a2200253Ia 4500
003 OSt
005 20221005112047.0
006 a|||||r|||| 00| 0
007 ta
008 221004b |||||||| |||| 00| 0 hin d
024 _a108765
037 _cTextual
040 _aCRL
_cCRL
_bhin
041 _2hin
_ahin
082 _aO152,1N193x, K6
100 _aमाथुर, गिरीजा कुमार
245 0 _aधूप के धान
246 _aDhūp ke dhāna
260 _aवाराणासी
_bभारतीय ज्ञानपीठ प्रकाशन भारत
_c1966
300 _a136पृ0
_ccm.
650 _aहिन्दी साहित्य
942 _hO152,1N193x, K6
_cTEXL
_2cc
999 _c1023708
_d1023708